| Tag |
First Indicator |
Second Indicator |
Subfields |
| LEADER |
00000nam a22000005i 4500 |
| 001 |
in00004659727 |
| 006 |
m o d |
| 007 |
cr nn 008mamaa |
| 008 |
221126s2022 sz | o |||| 0|eng d |
| 005 |
20240805175740.5 |
| 020 |
|
|
|a 9783031056987
|z 9978-3-031-05698-7
|
| 024 |
7 |
|
|a 10.1007/978-3-031-05698-7
|2 doi
|
| 035 |
|
|
|a (DE-He213)978-3-031-05698-7
|
| 050 |
|
4 |
|a QA247-247.45
|
| 050 |
|
4 |
|a QA161.P59
|
| 072 |
|
7 |
|a PBF
|2 bicssc
|
| 072 |
|
7 |
|a MAT002010
|2 bisacsh
|
| 072 |
|
7 |
|a PBF
|2 thema
|
| 082 |
0 |
4 |
|a 512.3
|2 23
|
| 100 |
1 |
|
|a Morris, Sidney A.
|e author.
|0 (orcid)0000-0002-0361-576X
|1 https://orcid.org/0000-0002-0361-576X
|4 aut
|4 http://id.loc.gov/vocabulary/relators/aut
|
| 245 |
1 |
0 |
|a Abstract Algebra and Famous Impossibilities :
|b Squaring the Circle, Doubling the Cube, Trisecting an Angle, and Solving Quintic Equations /
|c by Sidney A. Morris, Arthur Jones, Kenneth R. Pearson.
|
| 250 |
|
|
|a 2nd ed. 2022.
|
| 264 |
|
1 |
|a Cham :
|b Springer International Publishing :
|b Imprint: Springer,
|c 2022.
|
| 300 |
|
|
|a 1 online resource (XXII, 218 pages 29 illustrations)
|
| 336 |
|
|
|a text
|b txt
|2 rdacontent
|
| 337 |
|
|
|a computer
|b c
|2 rdamedia
|
| 338 |
|
|
|a online resource
|b cr
|2 rdacarrier
|
| 347 |
|
|
|a text file
|b PDF
|2 rda
|
| 490 |
1 |
|
|a Readings in Mathematics,
|x 2945-5847
|
| 505 |
0 |
|
|a 1. Algebraic Preliminaries -- 2. Algebraic Numbers and Their Polynomials -- 3. Extending Fields -- 4. Irreducible Polynomials -- 5. Straightedge and Compass Constructions -- 6. Proofs of the Geometric Impossibilities -- 7. Zeros of Polynomials of Degrees 2, 3, and 4 -- 8. Quintic Equations 1: Symmetric Polynomials -- 9. Quintic Equations II: The Abel-Ruffini Theorem -- 10. Transcendence of e and π -- 11. An Algebraic Postscript -- 12. Other Impossibilities: Regular Polygons and Integration in Finite Terms -- References -- Index.
|
| 520 |
|
|
|a This textbook develops the abstract algebra necessary to prove the impossibility of four famous mathematical feats: squaring the circle, trisecting the angle, doubling the cube, and solving quintic equations. All the relevant concepts about fields are introduced concretely, with the geometrical questions providing motivation for the algebraic concepts. By focusing on problems that are as easy to approach as they were fiendishly difficult to resolve, the authors provide a uniquely accessible introduction to the power of abstraction. Beginning with a brief account of the history of these fabled problems, the book goes on to present the theory of fields, polynomials, field extensions, and irreducible polynomials. Straightedge and compass constructions establish the standards for constructability, and offer a glimpse into why squaring, doubling, and trisecting appeared so tractable to professional and amateur mathematicians alike. However, the connection between geometry and algebra allows the reader to bypass two millennia of failed geometric attempts, arriving at the elegant algebraic conclusion that such constructions are impossible. From here, focus turns to a challenging problem within algebra itself: finding a general formula for solving a quintic polynomial. The proof of the impossibility of this task is presented using Abel's original approach. Abstract Algebra and Famous Impossibilities illustrates the enormous power of algebraic abstraction by exploring several notable historical triumphs. This new edition adds the fourth impossibility: solving general quintic equations. Students and instructors alike will appreciate the illuminating examples, conversational commentary, and engaging exercises that accompany each section. A first course in linear algebra is assumed, along with a basic familiarity with integral calculus.
|
| 650 |
|
0 |
|a Algebraic fields.
|
| 650 |
|
0 |
|a Polynomials.
|
| 650 |
|
0 |
|a Mathematics.
|
| 650 |
|
0 |
|a History.
|
| 650 |
1 |
4 |
|a Field Theory and Polynomials.
|
| 650 |
2 |
4 |
|a History of Mathematical Sciences.
|
| 655 |
|
7 |
|a Electronic books.
|2 local
|
| 700 |
1 |
|
|a Jones, Arthur.
|e author.
|4 aut
|4 http://id.loc.gov/vocabulary/relators/aut
|
| 700 |
1 |
|
|a Pearson, Kenneth R.
|e author.
|4 aut
|4 http://id.loc.gov/vocabulary/relators/aut
|
| 710 |
2 |
|
|a SpringerLink (Online service)
|
| 773 |
0 |
|
|t Springer Nature eBook
|
| 776 |
0 |
8 |
|i Printed edition:
|z 9783031056970
|
| 776 |
0 |
8 |
|i Printed edition:
|z 9783031056994
|
| 776 |
0 |
8 |
|i Printed edition:
|z 9783031057007
|
| 830 |
|
0 |
|a Readings in Mathematics,
|x 2945-5847
|
| 856 |
4 |
0 |
|u http://proxy.library.tamu.edu/login?url=https://doi.org/10.1007/978-3-031-05698-7
|z Connect to the full text of this electronic book
|t 0
|
| 950 |
|
|
|a Mathematics and Statistics (SpringerNature-11649)
|
| 950 |
|
|
|a Mathematics and Statistics (R0) (SpringerNature-43713)
|
| 955 |
|
|
|a Springer EBA Purchase
|
| 999 |
f |
f |
|s 512d3a2f-219e-4c7d-bae4-bdbcd018ad90
|i 826e1659-b17c-42e8-a5a2-151fa8d332a6
|t 0
|
| 952 |
f |
f |
|a Texas A&M University
|b College Station
|c Electronic Resources
|d Available Online
|t 0
|e QA247-247.45QA161.P59
|h Library of Congress classification
|
| 998 |
f |
f |
|a QA247-247.45QA161.P59
|t 0
|l Available Online
|